• 首页
  • 本馆介绍
  • 公告通知
  • 最新文献
  • 馆藏检索
  • 电子资源
  • 读者导购
  • 参考咨询
  • 我的图书馆
  • 登录
  • 详细信息显示
  • 放入我的书架
  • 预约/预借图书
  • 作者相关作品
  • 分类相关作品
  • 丛书相关作品
  • 出版社相关作品

书目信息

  • 表格格式
  • 工作单格式
  • 卡片格式
题名:
呼吸四病问答
    
 
作者: 宋守忠 编写
分册:  
出版信息: 北京   科学普及出版社  1981.9
页数: 112页
开本: 21cm
丛书名:
单 册:
中图分类: R560
科图分类:
主题词: 呼吸系统疾病 , 胸腔疾病
电子资源:
ISBN:
000 00539nam0 2200193 45
001 0181013256
005 20060815174828.69
010    @dCNY0.34
100    @a20810111d km y0chiy0120 ea
101 0  @achi
200 1  @a呼吸四病问答@Ahu xi si bing wen da@f宋守忠等编写@Fsong shou zhong deng bian xie
210    @a北京@c科学普及出版社@d1981.9
215    @a112页@d21cm
606 0  @a呼吸系统疾病
606 0  @a胸腔疾病
690    @aR560
701 0  @a宋守忠@Asong shou zhong@4编写
801    @aCN@bTSTC@c20060815
905    @dR560@e76@f2@b57390-91
    
    呼吸四病问答/宋守忠等编写.-北京:科学普及出版社,1981.9
    112页;21cm
    
    
    ISBN :CNY0.34
    
●
相关链接 在E读中查询图书 在五车中查询图书 在当当中查询图书 在豆瓣中查询图书


正题名:呼吸四病问答     索取号:R560/76         预约/预借

序号 登录号 条形码 馆藏地/架位号 状态 备注
1 0057390   202242830   密集书库/ [索取号:R560/76] 在馆    
2 0057391   202243562   密集书库/ [索取号:R560/76] 在馆    
3 0458319   204583192   密集书库/ [索取号:R560/76] 在馆    
4 0458365   204583655   密集书库/ [索取号:R560/76] 在馆    
唐山师范学院图书馆 欢迎您!
大连网信软件有限公司© 版权所有